U.S. States with the Longest International Borders - Statistics

General Stats
  • This quiz has been taken 45,581 times
    44,795 since last reset
  • The average score is 9 of 10
Answer Stats
miles states km % Correct
1241 Texas 1997
97%
427 Washington 687
93%
545 Montana 877
90%
310 North Dakota 499
89%
1538 Alaska 2475
87%
721 Michigan 1160
86%
373 Arizona 600
85%
611 Maine 983
85%
547 Minnesota 880
81%
445 New York 716
81%
No matching quizzes found
Score Distribution
Percent of People with Each Score
Percentile by Number Answered
Your Score History
You have not taken this quiz since the last reset